BSOP header

Teaching adults successfully / (Record no. 46844)

MARC details
000 -LEADER
fixed length control field 00869nam a2200253 i 4500
001 - CONTROL NUMBER
control field 5283864
005 - DATE AND TIME OF LATEST TRANSACTION
control field 20190611132055.0
008 - FIXED-LENGTH DATA ELEMENTS--GENERAL INFORMATION
fixed length control field 790817s1962 caum b a 0 0 eng d
035 ## - SYSTEM CONTROL NUMBER
System control number ()26054
040 ## - CATALOGING SOURCE
Original cataloging agency BSC
Transcribing agency BSC
Modifying agency MOB
-- WaOLN
-- UtOrBLW
049 ## - LOCAL HOLDINGS (OCLC)
Holding library MOBA
100 1# - MAIN ENTRY--PERSONAL NAME
Personal name Narramore, Clyde M.
Fuller form of name (Clyde Maurice),
Dates associated with a name 1916-
245 10 - TITLE STATEMENT
Title Teaching adults successfully /
Statement of responsibility, etc by Clyde M. Narramore ; edited by Eleanor L. Doan.
260 ## - PUBLICATION, DISTRIBUTION, ETC. (IMPRINT)
Place of publication, distribution, etc Glendale, Calif. :
Name of publisher, distributor, etc Gospel Light Publications,
Date of publication, distribution, etc 1962.
300 ## - PHYSICAL DESCRIPTION
Extent 64 pages :
Other physical details illustrations ;
Dimensions 23 cm.
336 ## - CONTENT TYPE
Content Type Term text
Content Type Code txt
Source rdacontent.
337 ## - MEDIA TYPE
Media Type Term unmediated
Media Type Code n
Source rdamedia.
338 ## - CARRIER TYPE
Carrier Type Term volume
Carrier Type Code nc
Source rdacarrier.
490 0# - SERIES STATEMENT
Series statement Adult department Sunday school handbook.
504 ## - BIBLIOGRAPHY, ETC. NOTE
Bibliography, etc Bibliography: pages 64-[65].
650 #0 - SUBJECT ADDED ENTRY--TOPICAL TERM
Topical term or geographic name as entry element Christian education of adults.
700 1# - ADDED ENTRY--PERSONAL NAME
Personal name Doan, Eleanor L.,
Dates associated with a name 1914-2010.
942 ## - ADDED ENTRY ELEMENTS (KOHA)
Source of classification or shelving scheme Library of Congress Classification
Item type Books
Holdings
Withdrawn status Lost status Source of classification or shelving scheme Damaged status Not for loan Home library Current library Shelving location Date acquired Inventory number Total Checkouts Full call number Barcode Date last seen Price effective from Koha item type
    Library of Congress Classification     BSOP Library BSOP Library GC 06/11/2019 5104   BV1488 N16 00019826 06/11/2019 06/11/2019 Books
BSOP

Biblical Seminary of the Philippines
  All rights Reserved
  © 2024

CONTACT INFORMATION

Biblical Seminary of the Philippines,
  77-B Karuhatan Road, Valenzuela City,
  PHILIPPINES 1441
  Phone: +632 8292-6795 / 8292-6798
  Fax : +632 8292-6675
  Email: library@bsop.edu.ph